VII Premios `Ciudad Alcalá de Henares` / (Record no. 121032)

MARC details
000 -LEADER
campo de control de longitud fija 00685nam a2200193 4500
001 - NÚMERO DE CONTROL
campo de control 121032
003 - IDENTIFICADOR DE NÚMERO DE CONTROL
campo de control ES-MaACL
005 - FECHA Y HORA DE LA ÚLTIMA TRANSACCIÓN
campo de control 20230906191655.0
007 - CAMPO FIJO DE DESCRIPCIÓN FÍSICA--INFORMACIÓN GENERAL
campo de control de longitud fija t|
008 - DATOS DE LONGITUD FIJA--INFORMACIÓN GENERAL
campo de control de longitud fija 070214s1977 sp r ||||1| spa d
111 2# - ENTRADA PRINCIPAL--NOMBRE DE CONGRESO/REUNIÓN
Nombre de congreso/reunión o jurisdicción como elemento de entrada Premios Ciudad Alcalá de Henares (
Fecha del congreso o de la firma del tratado 1977) (
Número del congreso/reunión o número de parte o sección . 7º)
9 (RLIN) 218755
245 10 - MENCIÓN DEL TÍTULO
Título VII Premios `Ciudad Alcalá de Henares` /
Mención de responsabilidad, etc. José César Alvarez [et al.].
260 ## - PUBLICACIÓN, DISTRIBUCIÓN, ETC.
Lugar de publicación, distribución, etc. Alcalá de Henares :
Nombre del editor, distribuidor, etc. Ayuntamiento, Comisión de Cultura,
Fecha de publicación, distribución, etc. 1977.
300 ## - DESCRIPCIÓN FÍSICA
Extensión 71 p. :
Otras características físicas il. ;
Dimensiones 24 cm.
700 1# - ENTRADA AGREGADA--NOMBRE PERSONAL
Nombre de persona Alvarez, José César.
9 (RLIN) 20646
710 1# - ENTRADA AGREGADA--NOMBRE DE ENTIDAD CORPORATIVA
Nombre de entidad corporativa o nombre de jurisdicción como elemento de entrada Alcalá de Henares.
Unidad subordinada Ayuntamiento.
-- Comisión de Cultura.
9 (RLIN) 1318
852 ## - LOCALIZACIÓN
Ubicación ES-MaACL
Número de control de estantería L-12870
Sublocalización o colección R.114545
Holdings
Estatus retirado Estado de pérdida Estado de daño No para préstamo Biblioteca de origen Biblioteca actual Ubicación en estantería Fecha de adquisición Fuente de adquisición Total de préstamos Signatura topográfica completa Código de barras Visto por última vez Precio de reemplazo Tipo de ítem Koha
        Biblioteca del Ateneo de Madrid Biblioteca del Ateneo de Madrid Depósito 2 17/01/2008     L-12870 1126142 23/02/2023 23/02/2023 Libro impreso